=LDR 00000nam 2200000 4500 =001 NUTBA000000000003168 =005 20141220105918.0 =006 =007 =008 =020 ##$$a 978-979-043-187-4 =035 ##$$0010-081400000000012 =040 ##$$a NBPDMAT =082 ##$$a 510 =090 ##$$a 510 $b Jan j =100 ##$$a Janu Ismadi =245 ##$$a Jagat matematika untuk SMA / MA program ilmu pengetahuan alam kelas XI / $c oleh Janu Ismadi =250 ##$$a Cet. 1 =260 ##$$a Jakarta : $b Panca, $c 2019 =300 ##$$a xi, 216 hlm. : $b ilus. ; $c 21 cm. =650 ##$$a Matematika-SMA =990 ##$$a 21406902 =990 ##$$a 0001/BPAP-NTB/20142014 =990 ##$$a 0001/BPAP-NTB/20142014 =990 ##$$a 0001/BPAP-NTB/20142014 =990 ##$$a 0001/BPAP-NTB/20142014 =990 ##$$a 0001/BPAP-NTB/20142014 =990 ##$$a 0001/BPAP-NTB/20142015 =990 ##$$a 0001/BPAP-NTB/20142015 =990 ##$$a 0001/BPAP-NTB/20142015 =990 ##$$a 2090100439/BPAP-NTB/2015